00493 2200193 4500245006800000020002200068250001000090100001700100700001100117700001400128650001300142650001000155005001900165260006500184041001400249084001000263300001700273336000900290 aW.R. Supratman b : Guru Bangsa IndonesiacLilis NihwanhText a978-602-437-459-4 aCet.1 aLilis Nihwan aSuladi aHasbulloh aBiografi aEbook a20250317085858 aJakarta TimurbBadan Pengembangan dan Pembinaan Bahasac2018 aIndonesia a928.9 ax :c58 hlm. atext